Artrópodos hematófagos del río Raposo, Valle Colombia: IV, Psychodidae (Registro nro. 14364)

Detalles MARC
000 -CABECERA
Campo de control 003140000a22001090004500
090 ## - CLASIFICACIÓN LOCAL
Colección AS
Consecutivo Seriadas
041 0# - IDIOMA
Código de idioma para texto/pista de sonido o título separado
100 1# - ASIENTO PRINCIPAL--NOMBRE PERSONAL
Nombre personal Barreto, Pablo
245 10 - MENCION DE TITULO
Título Artrópodos hematófagos del río Raposo, Valle Colombia: IV, Psychodidae
773 1# - Item fuente:
Título Caldasia
Especificación de materiales 45
Descripción física 49
Paginas del Articulo 459-472
Lugar, editorial y fecha de publicación 1969
Información sobre la relación 10
942 ## - ELEMENTOS ADICIONALES (KOHA)
Tipo de ítem Artículo

No hay ítems disponibles.